000 00894nam a2200205 a 4500
001 000024895
003 AM-YEHGA
005 20250618075634.0
008 001122s1911 |||| |||||||||| | arm c
040 _aAM-YeHGA
041 0 _aarm
100 1 _aՕրմանյան, Մաղաքիա
_cարքեպիսկոպոս,
_d1841-1918
_91548
245 1 0 _aՀայոց եկեղեցին և իր պատմութիւնը, վարդապետութիւնը, վարչութիւնը, բարեկարգութիւնը, արարողութիւնը, գրականութիւնը, ու ներկայ կացութիւնը /
_cՄաղաքիա արքեպիսկոպոս Օրմանեան.
260 _aԵրևան :
_bՎ. և Հ. Տէր-Ներսէսյան ,
_c1911 ,.,
_c1993.
300 _a280 էջ.
650 1 4 _aՔրիստոնեություն
650 1 4 _aՀայկական եկեղեցի
942 _2udc
_cBK
090 _c483810
999 _c480463
_d480463